<?xml version="1.0" encoding="UTF-8"?>
<record
    xmlns:xsi="http://www.w3.org/2001/XMLSchema-instance"
    xsi:schemaLocation="http://www.loc.gov/MARC21/slim http://www.loc.gov/standards/marcxml/schema/MARC21slim.xsd"
    xmlns="http://www.loc.gov/MARC21/slim">

  <leader>     nam a22     7a 4500</leader>
  <datafield tag="999" ind1=" " ind2=" ">
    <subfield code="c">7233</subfield>
    <subfield code="d">7233</subfield>
  </datafield>
  <controlfield tag="003">OSt</controlfield>
  <controlfield tag="005">20190703151908.0</controlfield>
  <controlfield tag="008">190703e201905  sp a          000 0bcat|d</controlfield>
  <datafield tag="017" ind1=" " ind2=" ">
    <subfield code="a">DL B 10001-2019</subfield>
    <subfield code="b">Biblioteca de Catalunya</subfield>
  </datafield>
  <datafield tag="020" ind1=" " ind2=" ">
    <subfield code="a">9788417016920</subfield>
  </datafield>
  <datafield tag="040" ind1=" " ind2=" ">
    <subfield code="a">ES-BaUB</subfield>
    <subfield code="b">cat</subfield>
    <subfield code="c">CDMR</subfield>
  </datafield>
  <datafield tag="100" ind1="1" ind2=" ">
    <subfield code="a">Febr&#xE9;s, Xavier</subfield>
    <subfield code="d">1949-,</subfield>
    <subfield code="9">1324</subfield>
  </datafield>
  <datafield tag="245" ind1="1" ind2="0">
    <subfield code="a">Josep Pla, sis amics i una amant </subfield>
    <subfield code="c">/ Xavier Febr&#xE9;s</subfield>
  </datafield>
  <datafield tag="260" ind1=" " ind2=" ">
    <subfield code="a">Barcelona :</subfield>
    <subfield code="b">Emp&#xFA;ries,</subfield>
    <subfield code="c">2019</subfield>
  </datafield>
  <datafield tag="300" ind1=" " ind2=" ">
    <subfield code="a">198 p. :</subfield>
    <subfield code="b">il ;</subfield>
    <subfield code="c">21 cm</subfield>
  </datafield>
  <datafield tag="600" ind1="1" ind2="0">
    <subfield code="a">Pla, Josep</subfield>
    <subfield code="d">1897-1981</subfield>
    <subfield code="9">827</subfield>
  </datafield>
  <datafield tag="650" ind1="0" ind2="7">
    <subfield code="a">Escriptors catalans</subfield>
    <subfield code="y">S. XX</subfield>
    <subfield code="x">Biografia</subfield>
    <subfield code="2">lemac</subfield>
    <subfield code="9">3291</subfield>
  </datafield>
  <datafield tag="942" ind1=" " ind2=" ">
    <subfield code="c">MON</subfield>
  </datafield>
  <datafield tag="952" ind1=" " ind2=" ">
    <subfield code="0">0</subfield>
    <subfield code="1">0</subfield>
    <subfield code="4">0</subfield>
    <subfield code="7">0</subfield>
    <subfield code="a">CDMR</subfield>
    <subfield code="b">CDMR</subfield>
    <subfield code="d">2019-07-03</subfield>
    <subfield code="e">Donaci&#xF3;</subfield>
    <subfield code="g">18.49</subfield>
    <subfield code="l">3</subfield>
    <subfield code="m">3</subfield>
    <subfield code="o">Du 1/152</subfield>
    <subfield code="p">CDMR19071260</subfield>
    <subfield code="r">2020-11-16</subfield>
    <subfield code="s">2020-06-28</subfield>
    <subfield code="v">18.49</subfield>
    <subfield code="w">2019-07-03</subfield>
    <subfield code="y">MON</subfield>
  </datafield>
</record>
